LIBRARY & INFORMATION CENTRE, KCAET, TAVANUR

ONLINE PUBLIC ACCESS CATALOGUE (OPAC)

Farm workshop maintenance / (Record no. 5438)

MARC details
000 -LEADER
fixed length control field 00418cam a2200181ua 4500
020 ## - INTERNATIONAL STANDARD BOOK NUMBER
ISBN 0-246-12019-3
041 ## - LANGUAGE CODE
Language code of text/sound track or separate title eng
082 ## - DEWEY DECIMAL CLASSIFICATION NUMBER
Classification number 631.3
Item number MOO/FA
100 ## - MAIN ENTRY--AUTHOR NAME
Personal name Moore, Vil .
245 ## - TITLE STATEMENT
Title Farm workshop maintenance /
250 ## - EDITION STATEMENT
Edition statement 3 /
260 ## - PUBLICATION, DISTRIBUTION, ETC. (IMPRINT)
Place of publication :
Name of publisher Granada ,
Year of publication 1984.
300 ## - PHYSICAL DESCRIPTION
Number of Pages 249 ; .
942 ## - ADDED ENTRY ELEMENTS (KOHA)
Koha item type Books
Holdings
Withdrawn status Lost status Damaged status Home library Current library Date acquired Full call number Accession Number Koha item type
      KAUAET KAUAET 26/03/1987 631.3 16142 Books
      KAUAET KAUAET 20/08/1986 631.3 15446 Books
free website counter